000 00999nam a22003017a 4500
001 BR9904396
003 BR-BrBNA
005 20230928100528.0
007 ta
008 230509b bl.||||| |||| 00| 0 por d
040 _aBR-BrBNA
_bpor
_cBiblioteca Nacional de Agricultura
041 _a(Por)
072 _aF30
_b0120
090 _ 0120 BR9904396
100 1 _aEsteves, A.
110 1 _aEscola Superior de Agricultura Luiz de Queiroz, Piracicaba, SP (Brasil)
_0Tese (Doutor em Agronomia)
245 1 _aAvaliacao de populacoes com diferentes niveis de introgressao de linhagens elites para programas de melhoramento de milho (Zea mays L.)
260 3 _aPiracicaba, SP (Brasil):
_c1999.
300 _a118 p.
500 _aSummaries (Eng, Por); Bibliography p. 104-118; 12 illus.; 20 tables
650 _aMilho
650 _aLinhagem
650 _aCruzamento Dialelico
650 _aHibridacao
650 _aMetodo Estatistico
909 _a202309
_bLucia
_c55
_dLucia Elande
942 _cBK
999 _c61688
_d61688